Zdroje financovania miest a obcí

Financovanie z vlastných zdrojov. Financovanie cudzím kapitálom - strednodobé a dlhodobé financovanie. Strategický plán mesta a obce z aspektu získavania finančných zdrojov. Príspevok z riešenia Projektu VEGA č. 1/7707/20.

Gespeichert in:
Bibliographische Detailangaben
1. Verfasser: Ivanovic, Zoran
Format: Buchkapitel
Sprache:Slowakisch
Schlagworte:
Tags: Tag hinzufügen
Keine Tags, Fügen Sie das erste Tag hinzu!

MARC

LEADER 00000naa$a2200000$$$4500
001 0008886
005 20221207105549.3
041 0 |a slo 
044 |a SK 
245 1 0 |a Zdroje financovania miest a obcí  |c aut. Zoran Ivanovic 
520 |a Financovanie z vlastných zdrojov. Financovanie cudzím kapitálom - strednodobé a dlhodobé financovanie. Strategický plán mesta a obce z aspektu získavania finančných zdrojov. Príspevok z riešenia Projektu VEGA č. 1/7707/20. 
610 2 0 |a mestá 
610 2 0 |a obce 
610 2 0 |a kapitál cudzí 
610 2 0 |a kapitál vlastný 
610 2 0 |a financovanie vlastné 
610 2 0 |a financovanie cudzie 
610 2 0 |a plán strategický 
610 2 0 |a oživenie 
610 2 0 |a projekty 
100 1 |a Ivanovic, Zoran